Places To Study

There are group study rooms, individual study carrels, computer labs, and other spaces to study in the Libraries.

Reserve A Group Room

Online Resources

Access thousands of eBooks, audiobooks, and online journals from the comfort of your home.

Explore Resources

Events and Workshops

Join our upcoming events and workshops to enhance your skills and knowledge.

View Events

Bagan and the world : (Record no. 2788)

MARC details
000 -LEADER
fixed length control field 00816nam a22002417a 4500
003 - CONTROL NUMBER IDENTIFIER
control field OSt
005 - DATE AND TIME OF LATEST TRANSACTION
control field 20251223094745.0
008 - FIXED-LENGTH DATA ELEMENTS--GENERAL INFORMATION
fixed length control field 251223b |||||||| |||| 00| 0 eng d
020 ## - INTERNATIONAL STANDARD BOOK NUMBER
International Standard Book Number 9789997101969
040 ## - CATALOGING SOURCE
Transcribing agency DCL
041 ## - LANGUAGE CODE
Language code of text/sound track or separate title English
082 ## - DEWEY DECIMAL CLASSIFICATION NUMBER
Classification number 959.101
245 10 - TITLE STATEMENT
Title Bagan and the world :
Remainder of title early Myanmar and its global connections /
Statement of responsibility, etc. edited by Goh Geok Yian, John N. Miksic, Michael Aung-Thwin.
260 ## - PUBLICATION, DISTRIBUTION, ETC.
Place of publication, distribution, etc. Singapore :
Name of publisher, distributor, etc. ISEAS Yusof Ishak Institute, Singapore,
Date of publication, distribution, etc. 2018
300 ## - PHYSICAL DESCRIPTION
Extent vi, 230 pages :
Dimensions 23 cm.
504 ## - BIBLIOGRAPHY, ETC. NOTE
Bibliography, etc. note Includes bibliographical notes and index.
651 ## - SUBJECT ADDED ENTRY--GEOGRAPHIC NAME
Geographic name Myanmar
Form subdivision History
Chronological subdivision Pagan period, 849-1287
651 ## - SUBJECT ADDED ENTRY--GEOGRAPHIC NAME
Geographic name Pagan (Myanmar)
Form subdivision History
700 ## - ADDED ENTRY--PERSONAL NAME
Personal name Goh, Geok Yian
700 ## - ADDED ENTRY--PERSONAL NAME
Personal name Miksic, John N.,
700 ## - ADDED ENTRY--PERSONAL NAME
Personal name Aung-Thwin, Michael,
942 ## - ADDED ENTRY ELEMENTS (KOHA)
Source of classification or shelving scheme Dewey Decimal Classification
Koha item type Short Term
Suppress in OPAC No
Holdings
Withdrawn status Lost status Source of classification or shelving scheme Damaged status Not for loan Collection Accession No. Home library Current library Shelving location Date acquired Total checkouts Full call number Barcode Date last seen Price effective from Koha item type
    Dewey Decimal Classification     English Collection 667 Dhammadhara Dhammadhara English Shelves 23/12/2025   959.101 Ba 667 (1) EB00000667 23/12/2025 23/12/2025 Short Term
    Dewey Decimal Classification     English Collection 668 Dhammadhara Dhammadhara English Shelves 23/12/2025   959.101 Ba 668 (2) EB00000668 23/12/2025 23/12/2025 Short Term